Sports Quiz

Random Sports Quiz

Name Every Team That Qualified in the 2006 FIFA WC Quiz Stats

 Plays Quiz not verified by Sporcle

Also try: WWE Hall of Fame
Challenge
Share
Tweet
Embed
Score 0/32 Timer 05:00
0 Plays Today
Continent Answer % Correct
EuropeGermany
100%
South AmericaEcuador
100%
EuropeEngland
100%
South AmericaParaguay
100%
South AmericaArgentina
100%
EuropePortugal
100%
North AmericaMexico
100%
EuropeItaly
100%
AsiaAustralia
100%
EuropeCroatia
100%
AsiaJapan
100%
EuropeFrance
100%
AsiaSouth Korea
100%
EuropeSpain
100%
EuropeNetherlands
93.8%
North AmericaTrinidad and Tobago
93.8%
Continent Answer % Correct
AfricaGhana
93.8%
South AmericaBrazil
93.8%
EuropeSwitzerland
93.8%
AfricaTogo
93.8%
EuropeUkraine
93.8%
EuropePoland
87.5%
North AmericaCosta Rica
87.5%
EuropeSweden
87.5%
North AmericaUnited States
87.5%
AfricaTunisia
87.5%
AsiaSaudi Arabia
87.5%
AsiaIran
81.3%
EuropeSerbia and Montenegro
75%
AfricaAngola
68.8%
EuropeCzech Republic
68.8%
AfricaIvory Coast
56.3%

You're not logged in!

Compare scores with friends on all Sporcle quizzes.
OR
Log In

You Might Also Like...

Show Comments

Extras

Created Jul 28, 2017ReportNominate

Top Quizzes Today


Score Distribution

Your Account Isn't Verified!

In order to create a playlist on Sporcle, you need to verify the email address you used during registration. Go to your Sporcle Settings to finish the process.

Report this User

Report this user for behavior that violates our Community Guidelines.

Details: